দেবতাত্মা হিমালয় / (Record no. 71236)
[ view plain ]
| 000 -LEADER | |
|---|---|
| fixed length control field | 01135nam a2200265 a 4500 |
| 001 - CONTROL NUMBER | |
| control field | 71236 |
| 003 - CONTROL NUMBER IDENTIFIER | |
| rucl marc code | BD-RjUL |
| 005 - DATE AND TIME OF LATEST TRANSACTION | |
| control field | 20211209082106.0 |
| 008 - FIXED-LENGTH DATA ELEMENTS--GENERAL INFORMATION | |
| fixed length control field | 170429s1956 ii a|||| |||| 000 0 ben d |
| 020 ## - INTERNATIONAL STANDARD BOOK NUMBER | |
| Terms of availability | : IRs. 7.00 |
| 035 ## - SYSTEM CONTROL NUMBER | |
| System control number | (BD-RjUL)71451 |
| 040 ## - CATALOGING SOURCE | |
| Original cataloging agency | BD-RjUL |
| Language of cataloging | ben |
| Transcribing agency | BD-RjUL |
| Modifying agency | BD-RjUL |
| 041 ## - LANGUAGE CODE | |
| Language code of text/sound track or separate title | ben |
| 082 ## - DEWEY DECIMAL CLASSIFICATION NUMBER | |
| Edition number | 23 |
| Classification number | 915.496 |
| Author mark and year | SAD V-1 1956 |
| 100 1# - MAIN ENTRY--PERSONAL NAME | |
| Personal name | সান্যাল, প্রবোধকুমার |
| 9 (RLIN) | 137349 |
| 245 10 - TITLE STATEMENT | |
| Title | দেবতাত্মা হিমালয় / |
| Statement of responsibility, etc. | প্রবোধকুমার সান্যাল |
| 250 ## - EDITION STATEMENT | |
| Edition statement | ৫ম সং. |
| 260 ## - PUBLICATION, DISTRIBUTION, ETC. (IMPRINT) | |
| Place of publication, distribution, etc. | কলিকাতা : |
| Name of publisher, distributor, etc. | বেঙ্গল পাবলিশার্স, |
| Date of publication, distribution, etc. | ১৯৫৬ (জ্যৈষ্ঠ ১৩৬৩) |
| 300 ## - PHYSICAL DESCRIPTION | |
| Pagination | খণ্ড : |
| Illustrations | চিত্র ; |
| Size | ২২ সেমি. |
| 500 ## - GENERAL NOTE | |
| General note | "[শ্রীজওয়াহরলাল নেহরুর মুখবন্ধ সম্বলিত]" |
| 505 0# - FORMATTED CONTENTS NOTE | |
| Formatted contents note | খণ্ড ১ -- খণ্ড ২ -- |
| 650 ## - SUBJECT ADDED ENTRY--TOPICAL TERM | |
| Topical term or geographic name as entry element | ভ্রমণ |
| Geographic subdivision | হিমালয় পর্বত |
| 9 (RLIN) | 210769 |
| Topical term or geographic name as entry element | Travel |
| Geographic subdivision | Himalaya Mountain |
| 9 (RLIN) | 210770 |
| 942 ## - ADDED ENTRY ELEMENTS (KOHA) | |
| Source of classification or shelving scheme | Dewey Decimal Classification |
| Koha item type | Books |
| Lost status | Source of classification or shelving scheme | Damaged status | Not for loan | Collection code | Permanent Location | Current Location | Shelving location | Date acquired | Source of acquisition | Cost, normal purchase price | Total Checkouts | Full call number | Date last seen | Copy number | Koha item type |
|---|---|---|---|---|---|---|---|---|---|---|---|---|---|---|---|
| Dewey Decimal Classification | Not For Loan | Non-fiction | Central Library, University of Rajshahi | Central Library, University of Rajshahi | Reading Room | 18/06/1990 | Sawkat Osman, Dhaka | 7.00 | B 915.496 SAD V-1 1956 | 29/04/2017 | C-1 | Books | |||
| Dewey Decimal Classification | Not For Loan | Non-fiction | Central Library, University of Rajshahi | Central Library, University of Rajshahi | Reading Room | 30/03/1964 | Firma K. L. Mukhopadhy | 10.00 | B 915.496 SAD V-2 1956 | 26/09/2021 | C-1 | Books |